000 00512nam a2200181 i 4500
001 bgj
100 1 _aTETERIS, Sylvia
245 1 0 _aThe Little Red Hen /
_cSylvia Teteris.
260 _aWarszawa :
_bWydawnictwa Szkolne i Pedagogiczne,
_c1995
_e(Poznań :
_fZakłady Graficzne).
300 _a1 audio cassette.
490 1 _aPlays for Children
650 9 _aPlays for children
830 _aPlays for Children
040 _cBPK
041 0 _aeng
942 _cKS
008 s uk f |000 0 eng
999 _c50907
_d50907
856 _uhttp://koha.tu.koszalin.pl/cgi-bin/koha/opac-detail.pl?biblionumber=50907
_yKatalog online BPK